Formula 1: Drivers with All Driver's Championship Medals - Statistics

General Stats
  • This quiz has been taken 500 times
    49 since last reset
  • The average score is 12 of 13
Answer Stats
1st/2nd/3rd Driver Between Teams % Correct
7/2/1 Lewis Hamilton 2007-2023 McLaren, Mercedes
100%
4/1/2 Max Verstappen 2019-2025 Red Bull
100%
7/2/3 Michael Schumacher 1992-2006 Benetton, Ferrari
100%
4/3/1 Sebastian Vettel 2009-2018 Red Bull, Ferrari
100%
3/2/1 Ayrton Senna 1987-1993 Lotus, McLaren
98%
2/3/1 Fernando Alonso 2005-2013 Renault, McLaren, Ferrari
98%
1/1/1 Jenson Button 2004-2011 BAR, Brawn, McLaren
98%
1/2/3 Kimi Räikkönen 2003-2018 McLaren, Ferrari, Lotus
98%
3/2/1 Jackie Stewart 1965-1973 BRM, Matra, Tyrrell
95%
3/1/2 Nelson Piquet 1980-1990 Brabham, Williams, Benetton
91%
1/1/1 Giuseppe Farina 1950-1953 Alfa Romeo, Ferrari
88%
2/1/2 Jim Clark 1962-1967 Lotus
86%
1/1/2 Jody Scheckter 1974-1979 Tyrrell, Wolf, Ferrari
79%
No matching quizzes found
Score Distribution
Percent of People with Each Score
Percentile by Number Answered
Your Score History
You have not taken this quiz since the last reset